000 00349nam a2200133Ia 4500
008 240624s9999 xx 000 0 und d
041 _aeng
082 _a004.6 LAM
100 _aLAMMLE TODD
245 _aCCDA CISCO CERTIFIED DESIGN ASSOCIATE ST
260 _c2003
_aNew Delhi
_bBPB Publications
300 _axlv, : 622 : p. : cm. ; 26
365 _cRS
999 _c3482
_d3482